| 000 | 00722nam a22001817a 4500 | ||
|---|---|---|---|
| 005 | 20260409133031.0 | ||
| 008 | 260409b |||||||| |||| 00| 0 eng d | ||
| 040 |
_aLC _cUNZA _dUNZA _eRDA |
||
| 050 |
_aZAMB BV3630 _bKEA 1914 |
||
| 100 | _aKeable, Robert | ||
| 245 |
_aDarkness or Light : _bstudies in the history of the Universities' Mission to Central Africa illustrating the theory and practice of missions / _cRobert Keable. |
||
| 260 |
_aLondon: _bUniversities’ Mission to Central Africa, _c1914. |
||
| 300 |
_axii, 275 pages: _billustrations. |
||
| 504 | _aIncludes an index. | ||
| 650 |
_aChristian missions _zCentral Africa. |
||
| 700 |
_aWeston Frank, D.D. _cRight Reveland _ePreface writer |
||
| 942 | _cZAMBIANA | ||
| 999 |
_c216570 _d216570 |
||